University physics (Record no. 4635)

MARC details
000 -LEADER
fixed length control field 00430nam a2200169Ia 4500
003 - CONTROL NUMBER IDENTIFIER
control field IN-BaIIA
008 - FIXED-LENGTH DATA ELEMENTS--GENERAL INFORMATION
fixed length control field 211028s9999 xx 000 0 eng d
040 ## - CATALOGING SOURCE
Transcribing agency IIA Library
080 ## - UNIVERSAL DECIMAL CLASSIFICATION NUMBER
Universal Decimal Classification number 530.1
Item number CHA-3
100 ## - MAIN ENTRY--PERSONAL NAME
Personal name Champion, F. C
9 (RLIN) 3627
245 #0 - TITLE STATEMENT
Title University physics
Remainder of title pt. 3, light
Statement of responsibility, etc. F. C. Champion
260 ## - PUBLICATION, DISTRIBUTION, ETC.
Place of publication, distribution, etc. London
Name of publisher, distributor, etc. Blackie
Date of publication, distribution, etc. 1941
300 ## - PHYSICAL DESCRIPTION
Extent 172p.
650 ## - SUBJECT ADDED ENTRY--TOPICAL TERM
Topical term or geographic name entry element  Physics
9 (RLIN) 7977
650 ## - SUBJECT ADDED ENTRY--TOPICAL TERM
Topical term or geographic name entry element NASA Thesaurus 
942 ## - ADDED ENTRY ELEMENTS (KOHA)
Koha item type Books
Holdings
Withdrawn status Lost status Damaged status Not for loan Home library Current library Shelving location Date acquired Total Checkouts Full call number Barcode Date last seen Price effective from Koha item type
        IIA Library-Bangalore IIA Library-Bangalore General Stacks     530.1/ CHA-3 5170 05/11/2021   Books

Powered by Koha